000
00214nam a2200109 4500
082
_a
USD
100
_a
USDA
245
_a
Drainage Manual
260
_a
New Delhi:
_b
Oxford,
_c
1978.
300
_a
269p. ;
942
_c
BK
999
_c
10445
_d
10445